|
|
|
|
| LEADER |
00000nam a22000007a 4500 |
| 005 |
20190904233517.0 |
| 007 |
cr|||| |||| |
| 008 |
190904s2019 mx |||||s|||| 00||0 spa d |
| 020 |
|
|
|a 978-607-8685-01-1
|
| 035 |
|
|
|a 24747
|
| 040 |
|
|
|a vLex
|
| 090 |
|
|
|c 9403
|d 9403
|
| 100 |
1 |
|
|a Barona Castaęda, Claudia
|
| 245 |
1 |
0 |
|a Derecho y polt̕ica en el Islam contemporǹeo
|h [Recurso electrn̤ico] /
|c Claudia Barona Castaęda, Mohamed Badine El Yattioui
|
| 256 |
|
|
|a Servicio en ln̕ea
|
| 260 |
|
|
|a Ciudad de Mx̌ico:
|b vLex Mx̌ico,
|c 2019
|
| 300 |
|
|
|a 1 recurso electrn̤ico
|
| 500 |
|
|
|a La presente obra ofrece una visin̤ amplia y fresca del Islam a travš de los ojos de doce jv̤enes investigadores de cuatro continentes. Una revisin̤ desde sus org̕enes, sus complejas fragmentaciones, instituciones y organizaciones, cerrando con sus problemt̀icas recientes. Esta obra abre una puerta para conocer el mundo musulmǹ desde el interior, sobre todo en este inicio del siglo XXI lleno de prejuicios en contra del Islam. En este sentido, se busca romper con el discurso de la otredad y deconstruir el discurso occidental. Una mirada desde el interior del Islam, con fuentes bibliogrf̀icas regionales que te permiten viajar por este espacio y conocer otras miradas. La obra, en espaǫl, es un referente importante y novedoso en los estudios de Ciencias Sociales en Amřica Latina. Puede servir a estudiantes de diferentes carreras: Relaciones Internacionales, Ciencia Polt̕ica, Derecho, Sociologa̕ o Antropologa̕ as ̕como pb︢lico en general.
|
| 506 |
1 |
|
|a Disponible solo en los productos indicados
|d vLex Global
|d vLex Global (Academic Edition, excluding Law Schools)
|d vLex Global (U.S. Academic Edition, Law Schools)
|d vLex Global (U.S. Academic Edition, excluding Law Schools)
|d vLex Global (Academic Edition, Law Schools)
|
| 650 |
0 |
4 |
|a Derecho Constitucional
|z Mx̌ico
|
| 700 |
1 |
|
|a El Yattioui, Mohamed Badine
|
| 740 |
0 |
|
|a vLex Libros (Servicio en ln̕ea)
|
| 856 |
4 |
0 |
|u http://vlex.com/source/derecho-y-politica-en-el-islam-contemporaneo-24747
|z Acceso restringido
|
| 942 |
|
|
|c BOOK
|
| 999 |
0 |
|
|a Constitutional right
|